| 000 | 00385nam a22001337a 4500 | ||
|---|---|---|---|
| 082 |
_a945 _bHAM _cD |
||
| 100 |
_aHamilton, Cicely _950234 |
||
| 245 |
_aModern Italy as seen by an english woman, _cCicely Hamilton |
||
| 260 |
_aLondon : _bJ.M Dent & Sons Ltd, _c1932 p. : |
||
| 300 | _axv, 229 p. : | ||
| 526 |
_a0 _b0 _c0 _d945_000000000000000_HAM |
||
| 650 |
_aMCE _9379 |
||
| 942 |
_2ddc _cBK |
||
| 999 |
_c552961 _d552961 |
||